<?xml version="1.0" encoding="UTF-8"?>
<record
    xmlns:xsi="http://www.w3.org/2001/XMLSchema-instance"
    xsi:schemaLocation="http://www.loc.gov/MARC21/slim http://www.loc.gov/standards/marcxml/schema/MARC21slim.xsd"
    xmlns="http://www.loc.gov/MARC21/slim">

  <leader>00455nam a22001577a 4500</leader>
  <controlfield tag="005">20251121093621.0</controlfield>
  <controlfield tag="008">251121b        |||||||| |||| 00| 0 eng d</controlfield>
  <datafield tag="020" ind1=" " ind2=" ">
    <subfield code="a">979-8-88715-00-93</subfield>
  </datafield>
  <datafield tag="100" ind1=" " ind2=" ">
    <subfield code="a">AITKEN NANCY</subfield>
  </datafield>
  <datafield tag="245" ind1=" " ind2=" ">
    <subfield code="a">FARM MACHINERY AND POWER</subfield>
  </datafield>
  <datafield tag="260" ind1=" " ind2=" ">
    <subfield code="a">DUBLIN</subfield>
    <subfield code="b">ORYSON PRESS</subfield>
    <subfield code="c">2023</subfield>
  </datafield>
  <datafield tag="300" ind1=" " ind2=" ">
    <subfield code="a">VIII, 296P.</subfield>
  </datafield>
  <datafield tag="500" ind1=" " ind2=" ">
    <subfield code="a">INCLUDES INDEX</subfield>
  </datafield>
  <datafield tag="650" ind1=" " ind2=" ">
    <subfield code="a">1. FARM MACHINERY 2. AGRICULTURAL ENGINEERING 3. POWER IN AGRICULTURE</subfield>
  </datafield>
  <datafield tag="942" ind1=" " ind2=" ">
    <subfield code="2">lcc</subfield>
    <subfield code="c">BK</subfield>
  </datafield>
  <datafield tag="999" ind1=" " ind2=" ">
    <subfield code="c">216243</subfield>
    <subfield code="d">216243</subfield>
  </datafield>
  <datafield tag="952" ind1=" " ind2=" ">
    <subfield code="0">0</subfield>
    <subfield code="1">0</subfield>
    <subfield code="2">lcc</subfield>
    <subfield code="4">0</subfield>
    <subfield code="6">S0674 A38  02023</subfield>
    <subfield code="7">0</subfield>
    <subfield code="8">SCT</subfield>
    <subfield code="9">373538</subfield>
    <subfield code="a">KSUL</subfield>
    <subfield code="b">KSUL</subfield>
    <subfield code="c">DISPLAY</subfield>
    <subfield code="d">2025-11-21</subfield>
    <subfield code="i">109984</subfield>
    <subfield code="l">0</subfield>
    <subfield code="o">S 674 .A38 2023</subfield>
    <subfield code="p">000000001027</subfield>
    <subfield code="r">2025-11-21 09:40:18</subfield>
    <subfield code="t">C.1</subfield>
    <subfield code="w">2025-11-21</subfield>
    <subfield code="y">BK</subfield>
  </datafield>
  <datafield tag="952" ind1=" " ind2=" ">
    <subfield code="0">0</subfield>
    <subfield code="1">0</subfield>
    <subfield code="2">lcc</subfield>
    <subfield code="4">0</subfield>
    <subfield code="6">S0674 A38  02023</subfield>
    <subfield code="7">0</subfield>
    <subfield code="8">SCT</subfield>
    <subfield code="9">373539</subfield>
    <subfield code="a">KSUL</subfield>
    <subfield code="b">KSUL</subfield>
    <subfield code="c">DISPLAY</subfield>
    <subfield code="d">2025-11-21</subfield>
    <subfield code="i">109985</subfield>
    <subfield code="l">1</subfield>
    <subfield code="o">S 674 .A38 2023</subfield>
    <subfield code="p">000000001028</subfield>
    <subfield code="r">2026-03-25 14:44:05</subfield>
    <subfield code="s">2026-03-13</subfield>
    <subfield code="t">C.2</subfield>
    <subfield code="w">2025-11-21</subfield>
    <subfield code="y">BK</subfield>
  </datafield>
  <datafield tag="952" ind1=" " ind2=" ">
    <subfield code="0">0</subfield>
    <subfield code="1">0</subfield>
    <subfield code="2">lcc</subfield>
    <subfield code="4">0</subfield>
    <subfield code="6">S0674 A38  02023</subfield>
    <subfield code="7">0</subfield>
    <subfield code="8">SCT</subfield>
    <subfield code="9">373540</subfield>
    <subfield code="a">KSUL</subfield>
    <subfield code="b">KSUL</subfield>
    <subfield code="c">DISPLAY</subfield>
    <subfield code="d">2025-11-21</subfield>
    <subfield code="i">109986</subfield>
    <subfield code="l">1</subfield>
    <subfield code="o">S 674 .A38 2023</subfield>
    <subfield code="p">000000001029</subfield>
    <subfield code="r">2025-12-09 14:02:36</subfield>
    <subfield code="s">2025-11-26</subfield>
    <subfield code="t">C.3</subfield>
    <subfield code="w">2025-11-21</subfield>
    <subfield code="y">BK</subfield>
  </datafield>
  <datafield tag="952" ind1=" " ind2=" ">
    <subfield code="0">0</subfield>
    <subfield code="1">0</subfield>
    <subfield code="2">lcc</subfield>
    <subfield code="4">0</subfield>
    <subfield code="6">S0674 A38  02023</subfield>
    <subfield code="7">0</subfield>
    <subfield code="8">SCT</subfield>
    <subfield code="9">373541</subfield>
    <subfield code="a">KSUL</subfield>
    <subfield code="b">KSUL</subfield>
    <subfield code="c">DISPLAY</subfield>
    <subfield code="d">2025-11-21</subfield>
    <subfield code="i">109987</subfield>
    <subfield code="l">0</subfield>
    <subfield code="o">S 674 .A38 2023</subfield>
    <subfield code="p">000000001030</subfield>
    <subfield code="r">2025-11-21 09:40:00</subfield>
    <subfield code="t">C.4</subfield>
    <subfield code="w">2025-11-21</subfield>
    <subfield code="y">BK</subfield>
  </datafield>
</record>
